Neváhajte a inovujte
Vyrovnávanie sa etablovaných spoločností s novými technológiami. Nástup prevratných inovácií. Prevratné inovácie sú hrozbou pre existujúce silné podniky. Pasce, ktoré sa objavujú v odlišných fázach rozhodovania a vyžadujú si odlišný spôsob riešenia - jednotlivé druhy pascí. Potreba vyhnúť sa pasciam...
Salvato in:
| Autore principale: | |
|---|---|
| Altri autori: | |
| Natura: | Capitolo di libro |
| Lingua: | slovacco |
| Soggetti: | |
| Tags: |
Nessun Tag, puoi essere il primo ad aggiungerne!!
|
MARC
| LEADER | 00000naa a2200000 4500 | ||
|---|---|---|---|
| 001 | r042250 | ||
| 005 | 20230921111555.6 | ||
| 041 | 0 | |a slo | |
| 044 | |a SK | ||
| 245 | 1 | 0 | |a Neváhajte a inovujte |c George S. Day, Paul J. H. Schoemaker |
| 520 | |a Vyrovnávanie sa etablovaných spoločností s novými technológiami. Nástup prevratných inovácií. Prevratné inovácie sú hrozbou pre existujúce silné podniky. Pasce, ktoré sa objavujú v odlišných fázach rozhodovania a vyžadujú si odlišný spôsob riešenia - jednotlivé druhy pascí. Potreba vyhnúť sa pasciam. Vzdelávanie sa. Zvládanie strategickej flexibility. Organizačné rozdelenie. | ||
| 610 | 2 | 0 | |a inovácia |
| 610 | 2 | 0 | |a technológie nové |
| 610 | 2 | 0 | |a vzdelávanie permanentné |
| 610 | 2 | 0 | |a stratégia inovačná |
| 610 | 2 | 0 | |a flexibilita |
| 610 | 2 | 0 | |a risk management |
| 610 | 2 | 0 | |a organizácie |
| 100 | 1 | |a Day, George S. | |
| 700 | 1 | |a Schoemaker, Paul J. H. | |